| 000 | 00687nam a22002417a 4500 | ||
|---|---|---|---|
| 003 | OSt | ||
| 005 | 20140310181933.0 | ||
| 008 | 121123t xxu||||| |||| 00| 0 eng d | ||
| 020 | _a0553213180 | ||
| 050 |
_aPR 6025.O45 _b.M787 1994 |
||
| 082 |
_aCLA M76a _b1994 |
||
| 245 |
_aAnne's House of Dreams _cL. M. Montgomery |
||
| 260 |
_aLondon : _bPenguin Group, _cc1994. |
||
| 300 |
_g304 p. ; _c20 cm. |
||
| 541 | _j1 | ||
| 541 | _j2 | ||
| 562 | _e2 | ||
| 650 | _aOrphans--Fiction | ||
| 650 |
_a Friendship--Fiction _93056 |
||
| 650 |
_aCountry life--Prince Edward Island--Fiction _93079 |
||
| 650 |
_aPrince Edward Island--Fiction _93080 |
||
| 942 |
_2lcc _cBBK _kCLA |
||
| 999 |
_c7460 _d7460 |
||